Aktuálne k zdaňovaniu príjmov športovcov a umelcov

Porovnanie športovej činnosti a umeleckej činnosti z aspektu právnej úpravy. Zdaňovanie príjmov športovcov a športových odborníkov a súvisiace povinnosti - zatriedenie príjmov, samotné zdaňovanie týchto príjmov, špecifiká pri zdaňovaní príjmov športovcov vo vzťahu k zahraničiu. Zdaňovanie príjmov um...

Descrizione completa

Salvato in:
Dettagli Bibliografici
Autore principale: Jarinkovičová, Valéria
Natura: Capitolo di libro
Lingua:slovacco
Soggetti:
Tags: Aggiungi Tag
Nessun Tag, puoi essere il primo ad aggiungerne!!

MARC

LEADER 00000naa a2200000 4500
001 0278559
005 20210920093642.2
041 0 |a slo 
044 |a SK 
245 1 0 |a Aktuálne k zdaňovaniu príjmov športovcov a umelcov  |c Valéria Jarinkovičová 
520 |a Porovnanie športovej činnosti a umeleckej činnosti z aspektu právnej úpravy. Zdaňovanie príjmov športovcov a športových odborníkov a súvisiace povinnosti - zatriedenie príjmov, samotné zdaňovanie týchto príjmov, špecifiká pri zdaňovaní príjmov športovcov vo vzťahu k zahraničiu. Zdaňovanie príjmov umelcov a aktuálne špecifiká pri zdaňovaní týchto príjmov. 
610 2 0 |a dane z príjmov 
610 2 0 |a povinnosť daňová 
610 2 0 |a príjmy 
610 2 0 |a priznania daňové 
610 2 0 |a úpravy právne 
610 2 0 |a umelci 
610 2 0 |a šport 
100 1 |a Jarinkovičová, Valéria